Herby polskich królów elekcyjnych - historia Polski - Statystyki

Ogólne statystyki
  • Ten quiz został rozwiązany 37 razy
  • Średni wynik to 5 z 8
Statystyki odpowiedzi
Obrazkowy Odpowiedź % Poprawnych
Złote lilie (Henryk Walezy)
82%
Ciołek (Stanisław August Poniatowski)
61%
Snopek (Wazowie)
61%
Saksoński herb ruciany (Wettynowie)
57%
Zęby (Stefan Batory)
57%
Janina (Jan III Sobieski)
54%
Korybut (Michał Korybut Wiśniowiecki)
46%
Wieniawia (Stanisław Leszczyński)
43%
Nie znaleziono quizów pasujących do podanych kryteriów
Rozkład punktacji
Procent ludzi z każdym wynikiem
Percentyl według liczby udzielonych odpowiedzi
Twoja historia wyników
Nie rozwiązałeś tego quizu